header

Other renaissances (Record no. 138623)

MARC details
000 -LEADER
fixed length control field 01291nam a2200325Ia 4500
082 04 - DEWEY DECIMAL CLASSIFICATION NUMBER
Classification number 809
245 00 - TITLE STATEMENT
Title Other renaissances
260 ## - PUBLICATION, DISTRIBUTION, ETC. (IMPRINT)
Place of publication Basingstoke :
Name of publisher Palgrave Macmillan,
Year of publication 2006.
300 ## - PHYSICAL DESCRIPTION
Number of Pages 256 p.
650 #0 - SUBJECT ADDED ENTRY--TOPICAL TERM
Topical Term Literature
Topical Term Literary movements.
700 1# - ADDED ENTRY--PERSONAL NAME
Personal name Schildgen, Brenda Deen,
Personal name Zhou, Gang,
Personal name Gilman, Sander L.
856 40 - ELECTRONIC LOCATION AND ACCESS
Uniform Resource Identifier http://site.ebrary.com/lib/rucke/Doc?id=10172641

No items available.

© 2026 Rongo University
Contact us: librarian | system librarian | Rongo university